| 000 | 01022nam a2200265Ia 4500 | ||
|---|---|---|---|
| 003 | OSt | ||
| 005 | 20210817124154.0 | ||
| 008 | 210310s1974 sp ad gr 000 0 spa d | ||
| 020 | _a8433533347 | ||
| 040 |
_aCO-JMCR _cCO-JMCR |
||
| 041 | 1 |
_aspa _heng |
|
| 082 | 0 | 4 |
_a332.41 / _bB118n _223 |
| 100 | 1 |
_aBach, G.L., _eautor _927578 |
|
| 245 | 1 | 3 |
_aLa nueva inflación / _cG. L. Bach ; traducción de Agustín Gil Lasierra |
| 260 |
_aBarcelona : _bLabor, _c1974. |
||
| 300 |
_a161 páginas : _bilustraciones y gráficas en blanco y negro ; _c19 cm. |
||
| 490 | 0 | _aSerien de la NCL | |
| 501 | _aCon: notas a pie de página. | ||
| 505 | 0 | _aVieja y nueva inflación. -- Los efectos económicos de la inflación. -- las perspectivas de una política antiinflacionista. -- Política para una era inflacionaria. | |
| 650 | 1 | 4 |
_aTeoría inflacionaria _939412 |
| 650 | 2 | 4 |
_aEfectos económicos _939416 |
| 650 | 2 | 4 |
_aPolítica inflacionista _939417 |
| 700 | 1 |
_aGil Lasierra, Agustín, _etraductor _939418 |
|
| 942 |
_2ddc _cBK |
||
| 999 |
_c12204 _d12204 |
||